[Event "Wismilak"]
[Site "Surabaya"]
[Date "2002.07.26"]
[Round "7"]
[White "Paciencia, Enrique Rivas"]
[Black "Juswanto, Denny"]
[Result "1-0"]
[WhiteElo "2483"]
[BlackElo "2520"]
[PlyCount "51"]
[EventDate "2002.07.22"]
[EventType "tourn"]
[EventRounds "11"]
[EventCountry "IND"]
[EventCategory "8"]
[SourceTitle "CBM 089 Extra"]
[Source "ChessBase"]
[SourceDate "2002.09.10"]
[SourceVersion "2"]
[SourceVersionDate "2002.09.10"]
[SourceQuality "1"]

1. Nf3 Nf6 2. c4 e6 3. g3 d5 4. Bg2 Be7 5. 0-0 0-0 6. b3 a5 7. Bb2 a4 8. d3 Nc6 9. Nc3 a3 10. Bc1 d4 11. Nb5 e5 12. e3 Bg4 13. h3 Bh5 14. exd4 exd4 15. Re1 Bb4 16. Bd2 Nd7 17. Nbxd4 Bxd2 18. Nxc6 bxc6 19. Qxd2 Qf6 20. Qg5 Qxg5 21. Nxg5 Ra5 22. Nf3 Bxf3 23. Bxf3 Ne5 24. Be2 Rd8 25. Kg2 g5 26. b4 1-0

[Event "Wismilak"]
[Site "Surabaya"]
[Date "2002.07.24"]
[Round "4"]
[White "Juswanto, Denny"]
[Black "Hamdani, Rudin"]
[Result "1-0"]
[WhiteElo "2520"]
[BlackElo "2375"]
[PlyCount "59"]
[EventDate "2002.07.22"]
[EventType "tourn"]
[EventRounds "11"]
[EventCountry "IND"]
[EventCategory "8"]
[SourceTitle "CBM 089 Extra"]
[Source "ChessBase"]
[SourceDate "2002.09.10"]
[SourceVersion "2"]
[SourceVersionDate "2002.09.10"]
[SourceQuality "1"]

1. d4 d5 2. Nf3 Nf6 3. c4 e6 4. g3 Nbd7 5. Nbd2 c5 6. cxd5 Nxd5 7. Bg2 cxd4 8. Nxd4 Bc5 9. N2b3 Bb4+ 10. Bd2 Bxd2+ 11. Qxd2 0-0 12. 0-0 N7f6 13. Rfd1 Qb6 14. e4 Ne7 15. e5 Nfd5 16. Na5 Qc7 17. f4 a6 18. Rac1 Qb8 19. Nc4 Bd7 20. Nd6 Rd8 21. h3 h6 22. Qf2 Be8 23. f5 Rxd6 24. exd6 Qxd6 25. fxe6 fxe6 26. Re1 Bd7 27. Ne2 Rf8 28. Qc5 Qe5 29. Qd4 Qg5 30. Bf1 1-0

[Event "Asia Cities-ch 13th"]
[Site "Aden"]
[Date "2002.02.11"]
[Round "7"]
[White "Al Modiahki, Mohamad"]
[Black "Juswanto, Denny"]
[Result "0-1"]
[WhiteElo "2500"]
[BlackElo "2516"]
[PlyCount "106"]
[EventDate "2002.02.07"]
[EventType "team-swiss"]
[EventRounds "9"]
[EventCountry "YEM"]
[SourceTitle "EXT 2020"]
[Source "ChessBase"]
[SourceDate "2019.10.17"]
[SourceVersion "1"]
[SourceVersionDate "2019.10.17"]
[SourceQuality "1"]
[WhiteTeam "Doha"]
[BlackTeam "Jakarta"]
[WhiteTeamCountry "QAT"]
[BlackTeamCountry "INA"]

1. e4 d6 2. d4 Nf6 3. Nc3 g6 4. g3 Bg7 5. Bg2 0-0 6. Nge2 e5 7. h3 Nbd7 8. Be3 c6 9. a4 a5 10. 0-0 Qe7 11. g4 exd4 12. Bxd4 b6 13. Ng3 Bb7 14. Re1 Rad8 15. Qd2 Ne8 16. Rad1 Bxd4 17. Qxd4 Qh4 18. Nf1 Nc5 19. Nd2 Ba6 20. Nf3 Qe7 21. Qe3 Ng7 22. Qh6 Nge6 23. h4 Bb7 24. Rd3 Rfe8 25. Red1 f6 26. g5 Nf4 27. gxf6 Qxf6 28. Ng5 Re7 29. Bf1 d5 30. Rd4 Rf8 31. exd5 cxd5 32. f3 Nce6 33. Nxe6 Qxe6 34. Qg5 Qe3+ 35. Kh2 Re5 36. Qg1 Qxf3 37. Qg3 Qxg3+ 38. Kxg3 Ne6 39. R4d3 Nc5 40. Rd4 Re3+ 41. Kh2 Rf2+ 42. Kg1 Rxc2 43. R4d2 Rxd2 44. Rxd2 Re5 45. Nb5 Kg7 46. Nc3 Bc6 47. Bb5 Bb7 48. Ne2 Re4 49. h5 gxh5 50. Ng3 Rg4 51. Rg2 Kh6 52. Be2 Rg5 53. Bd1 d4 0-1